Normal view
MARC view
- Gambrill, Mónica C.
Entry Nombre Personal
001 - NUMERO DE CONTROL
- campo de control: 46205
003 - IDENTIFICADOR DE NUMERO DE CONTROL
- campo de control: DLC
005 - FECHA Y HORA DE LA ÜLTIMA TRANSACCIÓN
- campo de control: 20220907102515.0
008 - DATOS DE LONGITUD FIJA
- campo de control de longitud fija: 220907n| acannaabn |a aaa
010 ## - NÚMERO DE CONTROL DE LA BIBLIOTECA DEL CONGRESO
- Número de control LC: n 2003099123
040 ## - FUENTE DE CATALOGACIÓN
- Agencia original de catalogación: DLC
- Lenguaje de catalogación: spa
- Agencia de transcripción: DLC
- Agencia que lo modifica: DLC
- Agencia que lo modifica: MX-MxUPN
100 1# - ENCABEZAMIENTO - NOMBRE PERSONAL
- Nombre personal: Gambrill, Mónica C.
400 1# - VEÁSE - NOMBRE DE PERSONA
- Personal name: Gambrill Ruppert, Mónica
400 1# - VEÁSE - NOMBRE DE PERSONA
- Personal name: Ruppert, Mónica Gambrill
400 1# - VEÁSE - NOMBRE DE PERSONA
- Personal name: Gambrill, Mónica
670 ## - FUENTE EN LA QUE SE LOCALIZARON DATOS
- Cita de la fuente: La globalización y sus manifestaciones en América del Norte, 2002:
- Información localizada: portada (Mónica Gambrill) página 185 (coord. del área de EE. UU., CISAN)
670 ## - FUENTE EN LA QUE SE LOCALIZARON DATOS
- Cita de la fuente: LC data base, Mar. 18, 2003
- Información localizada: (Encabezamiento.: Gambrill, Mónica C.; use por: Mónica C. Gambrill)
670 ## - FUENTE EN LA QUE SE LOCALIZARON DATOS
- Cita de la fuente: Procesos de integración en las Américas, 2006:
- Información localizada: portada (Monica Gambrill) cubierta (Monica Gambrill Ruppert)
902 ## - CATALOGADOR
- Catalogador: VAGG/070922
